000 00700nam a2200229Ia 4500
003 GCL
008 140319s9999 xx 000 0 ara d
040 _aGCL /
_cGCL
082 0 4 _a185
_bب ت
100 1 _aاحمد سلامة محمد السيد
245 1 0 _aالتجربة اليونانية /
_cاحمد سلامة محمد السيد
700 1 _aبورا، س .م
260 _a[S.N] :
_bالهيئة المصرية العامة للكتاب ،
_c1989
300 _a362
490 _a
650 0 4 _aتاريخ
650 0 4 _aالفلسفة
650 0 4 _aالفلسفة اليونانية
650 0 4 _aاليونان
650 0 4 _aاليونان فى الادب
942 _2ddc
_cBK
999 _c30036
_d30036